| 000 | 00429nam a22001337a 4500 | ||
|---|---|---|---|
| 020 | _qHB. | ||
| 040 | _cFIZZA ISHAQ | ||
| 082 |
_a330.9548 _bEPS |
||
| 100 |
_aEpstein, T. Scarlett. _9134391 |
||
| 245 |
_aEconomic development and social change in south India / _c T. Scarlett Epstein. |
||
| 260 |
_aManchester, England: _bManchester University Press, _c1962. |
||
| 300 |
_axvi , 353 P. : maps, tables ; _c8.5 in |
||
| 942 |
_2ddc _cBK |
||
| 999 |
_c617370 _d617370 |
||